000 00849nam a2200217 i 4500
001 187725
003 ES-MaACL
005 20251014063303.0
008 180205s1965 sp |||| | spa d
100 1 _aHumphrey, Hubert H.,
_d1911-1978
_9164189
245 1 0 _aNuestra causa es la humanidad
_b: síntesis de un programa liberal / Hubert H. Humphrey ; [traducción por Tomás Guillén Monforte].
260 _aBarcelona :
_bHispano Europea,
_c[1965]
300 _a149 p. ;
_c21 cm.
490 1 _aColección Instituto de Estudios Europeos
651 4 _aEstados Unidos-
_xHistoria-
_yS.XX.
_98547
651 4 _aEstados Unidos-
_xSituación social-
_yS.XX.
_9164190
700 1 _aGuillén Monforte, Tomás.
_960787
830 1 _aColección Instituto de Estudios Europeos
_9225614
852 4 _aES-MaACL
_jC-28770
999 _c187725
_d187725